All Settlements in Vojvodina by Counties - Statistics

General Stats
  • This quiz has been taken 16 times
  • The average score is 140 of 461
Answer Stats
Group Answer % Correct
Opština Ada Ada
94%
Opština Bač Bač
94%
Grad Kikinda Kikinda
94%
Opština Kanjiža Kanjiža
88%
Opština Bačka Topola Bačka Topola
81%
Opština Bečej Bečej
81%
Grad Novi Sad Novi Sad
81%
Grad Novi Sad Petrovaradin
81%
Opština Senta Senta
81%
Grad Sombor Sombor
81%
Grad Subotica Subotica
81%
Opština Alibunar Alibunar
75%
Opština Apatin Apatin
75%
Opština Bački Petrovac Bački Petrovac
75%
Opština Bela Crkva Bela Crkva
75%
Opština Čoka Čoka
75%
Opština Irig Irig
75%
Grad Novi Sad Kać
75%
Opština Kula Kula
75%
Opština Mali Iđoš Mali Iđoš
75%
Opština Novi Bečej Novi Bečej
75%
Opština Odžaci Odžaci
75%
Grad Pančevo Pančevo
75%
Opština Ruma Ruma
75%
Opština Srbobran Srbobran
75%
Grad Sremska Mitrovica Sremska Mitrovica
75%
Opština Temerin Temerin
75%
Opština Bačka Palanka Bačka Palanka
69%
Opština Temerin Bački Jarak
69%
Opština Beočin Beočin
69%
Grad Kikinda Iđoš
69%
Opština Inđija Inđija
69%
Grad Sremska Mitrovica Mačvanska Mitrovica
69%
Opština Stara Pazova Nova Pazova
69%
Opština Opovo Opovo
69%
Grad Subotica Palić
69%
Opština Stara Pazova Stara Pazova
69%
Grad Vršac Vršac
69%
Opština Žitište Žitište
69%
Grad Zrenjanin Zrenjanin
69%
Grad Novi Sad Futog
63%
Opština Kanjiža Horgoš
63%
Opština Kovačica Kovačica
63%
Opština Kovin Kovin
63%
Opština Novi Kneževac Novi Kneževac
63%
Opština Pećinci Pećinci
63%
Opština Plandište Plandište
63%
Opština Sečanj Sečanj
63%
Opština Šid Šid
63%
Grad Novi Sad Sremska Kamenica
63%
Grad Subotica Stari Žednik
63%
Opština Titel Titel
63%
Grad Novi Sad Veternik
63%
Opština Vrbas Vrbas
63%
Opština Šid Adaševci
56%
Grad Sombor Bački Breg
56%
Grad Subotica Bački Vinogradi
56%
Grad Subotica Bajmok
56%
Grad Novi Sad Budisava
56%
Grad Subotica Čantavir
56%
Grad Novi Sad Čenej
56%
Grad Zrenjanin Ečka
56%
Grad Zrenjanin Elemir
56%
Grad Kikinda Mokrin
56%
Opština Ada Mol
56%
Grad Subotica Novi Žednik
56%
Opština Nova Crnja Srpska Crnja
56%
Opština Žabalj Žabalj
56%
Opština Bečej Bačko Dobro Polje
50%
Opština Bečej Bačko Gradište
50%
Opština Bečej Bačko Petrovo Selo
50%
Grad Pančevo Banatski Brestovac
50%
Grad Kikinda Banatsko Veliko Selo
50%
Grad Sombor Bezdan
50%
Grad Zrenjanin Čenta
50%
Opština Kula Crvenka
50%
Opština Mali Iđoš Feketić
50%
Opština Ruma Hrtkovci
50%
Grad Pančevo Jabuka
50%
Grad Subotica Kelebija
50%
Grad Novi Sad Kovilj
50%
Opština Nova Crnja Nova Crnja
50%
Opština Čoka Ostojićevo
50%
Opština Titel Šajkaš
50%
Opština Inđija Slankamen
50%
Opština Irig Vrdnik
50%
Opština Vrbas Zmajevo
50%
Grad Kikinda Banatska Topola
44%
Grad Pančevo Banatsko Novo Selo
44%
Grad Novi Sad Begeč
44%
Grad Novi Sad Bukovac
44%
Opština Beočin Čerević
44%
Opština Senta Gornji Breg
44%
Opština Kovačica Idvor
44%
Opština Sečanj Jaša Tomić
44%
Grad Novi Sad Kisač
44%
Grad Zrenjanin Lazarevo
44%
Grad Novi Sad Ledinci
44%
Grad Subotica Mala Bosna
44%
Grad Zrenjanin Melenci
44%
Grad Kikinda Nakovo
44%
Opština Novi Bečej Novo Miloševo
44%
Grad Pančevo Omoljica
44%
Opština Kovačica Padina
44%
Grad Novi Sad Rumenka
44%
Opština Temerin Sirig
44%
Opština Žitište Srpski Itebej
44%
Grad Pančevo Starčevo
44%
Opština Kanjiža Adorjan
38%
Grad Sombor Bački Monoštor
38%
Opština Žitište Banatsko Karađorđevo
38%
Grad Kikinda Bašaid
38%
Opština Inđija Beška
38%
Opština Bela Crkva Češko Selo
38%
Opština Inđija Čortanovci
38%
Opština Kovin Deliblato
38%
Opština Kovin Gaj
38%
Opština Bačka Palanka Gajdobra
38%
Grad Sremska Mitrovica Jarak
38%
Opština Bačka Palanka | Opština Bačka Topola Karađorđevo
38%
Opština Šid Kukujevci
38%
Grad Sremska Mitrovica Laćarak
38%
Opština Mali Iđoš Lovćenac
38%
Opština Beočin Lug
38%
Opština Šid Morović
38%
Opština Stara Pazova Novi Banovci
38%
Opština Beočin Rakovac
38%
Opština Kula Ruski Krstur
38%
Grad Kikinda Rusko Selo
38%
Grad Sremska Mitrovica Sremska Rača
38%
Grad Novi Sad Stepanovićevo
38%
Opština Senta Tornjoš
38%
Opština Srbobran Turija
38%
Grad Sremska Mitrovica Zasavica
38%
Opština Nova Crnja Aleksandrovo
31%
Grad Zrenjanin Aradac
31%
Opština Odžaci Bački Brestovac
31%
Opština Bela Crkva Banatska Palanka
31%
Opština Bela Crkva Banatska Subotica
31%
Opština Alibunar Banatski Karlovac
31%
Opština Čoka Banatski Monoštor
31%
Opština Opovo Baranda
31%
Opština Šid Berkasovo
31%
Opština Šid Bingula
31%
Opština Bačka Palanka Čelarevo
31%
Grad Sombor Čonoplja
31%
Opština Čoka Crna Bara
31%
Opština Žabalj Čurug
31%
Opština Novi Kneževac Đala
31%
Opština Bačka Palanka Despotovo
31%
Grad Subotica Donji Tavankut
31%
Grad Subotica Đurđin
31%
Opština Šid Erdevik
31%
Grad Subotica Gornji Tavankut
31%
Opština Žabalj Gospođinci
31%
Opština Irig Grgeteg
31%
Opština Senta Kevi
31%
Grad Zrenjanin Klek
31%
Grad Sombor Kolut
31%
Opština Inđija Krčedin
31%
Opština Novi Bečej Kumane
31%
Opština Pećinci Kupinovo
31%
Opština Novi Kneževac Majdan
31%
Opština Bačka Topola Mali Beograd
31%
Opština Inđija Maradik
31%
Opština Kanjiža Martonoš
31%
Opština Ruma Nikinci
31%
Opština Čoka Padej
31%
Grad Zrenjanin Perlez
31%
Opština Novi Kneževac Rabe
31%
Opština Vrbas Ravno Selo
31%
Grad Sremska Mitrovica Šašinci
31%
Grad Sremska Mitrovica Šišatovac
31%
Opština Kula Sivac
31%
Opština Apatin Sonta
31%
Opština Novi Kneževac Srpski Krstur
31%
Opština Odžaci Srpski Miletić
31%
Grad Sremska Mitrovica Stara Bingula
31%
Opština Stara Pazova Stari Banovci
31%
Grad Novi Sad Stari Ledinci
31%
Opština Beočin Susek
31%
Grad Sombor Svetozar Miletić
31%
Opština Kanjiža Trešnjevac
31%
Grad Vršac Uljma
31%
Grad Vršac Vatin
31%
Grad Subotica Višnjevac
31%
Opština Stara Pazova Vojka
31%
Opština Bačka Topola Zobnatica
31%
Grad Sombor Aleksa Šantić
25%
Opština Pećinci Ašanja
25%
Opština Šid Bačinci
25%
Opština Bač Bačko Novo Selo
25%
Opština Sečanj Banatska Dubica
25%
Opština Žitište Banatski Dvor
25%
Opština Novi Kneževac Banatsko Aranđelovo
25%
Opština Beočin Banoštor
25%
Grad Zrenjanin Belo Blato
25%
Grad Subotica Bikovo
25%
Opština Novi Bečej Bočar
25%
Opština Bačka Topola | Opština Senta Bogaraš
25%
Grad Sremska Mitrovica Bosut
25%
Opština Ruma Buđanovci
25%
Opština Kovačica Debeljača
25%
Grad Sremska Mitrovica Divoš
25%
Grad Zrenjanin Farkaždin
25%
Opština Titel Gardinovci
25%
Grad Pančevo Glogonj
25%
Opština Bački Petrovac Gložan
25%
Opština Bačka Topola Gunaroš
25%
Opština Plandište Hajdučica
25%
Opština Šid Jamena
25%
Grad Zrenjanin Jankov Most
25%
Grad Pančevo Kačarevo
25%
Grad Sombor Kljajićevo
25%
Opština Sečanj Krajišnik
25%
Opština Kula Kruščić
25%
Opština Irig Krušedol
25%
Opština Vrbas Kucura
25%
Opština Odžaci Lalić
25%
Opština Inđija Ljukovo
25%
Grad Subotica Ljutovo
25%
Opština Titel Lok
25%
Grad Zrenjanin Lukićevo
25%
Grad Zrenjanin Lukino Selo
25%
Opština Bački Petrovac Maglić
25%
Grad Sremska Mitrovica Martinci
25%
Opština Titel Mošorin
25%
Opština Kovin Mramorak
25%
Opština Bačka Palanka Neštin
25%
Grad Sremska Mitrovica Noćaj
25%
Opština Inđija Novi Karlovci
25%
Grad Kikinda Novi Kozarci
25%
Opština Kanjiža Novo Selo
25%
Opština Pećinci Obrež
25%
Opština Bačka Topola Pačir
25%
Opština Ruma Putinci
25%
Opština Bečej Radičević
25%
Grad Kikinda Sajan
25%
Grad Sremska Mitrovica Salaš Noćajski
25%
Opština Bač Selenča
25%
Opština Pećinci Šimanovci
25%
Grad Zrenjanin Stajićevo
25%
Opština Beočin Sviloš
25%
Opština Ada Utrine
25%
Opština Bač Vajska
25%
Opština Irig Velika Remeta
25%
Grad Sremska Mitrovica Veliki Radinci
25%
Opština Kanjiža Vojvoda Zimonić
25%
Opština Bačka Topola Bački Sokolac
19%
Grad Subotica Bačko Dušanovo
19%
Opština Bačka Topola Bajša
19%
Grad Zrenjanin Banatski Despotovac
19%
Opština Plandište Banatski Sokolac
19%
Opština Šid Batrovci
19%
Opština Kovin Bavanište
19%
Opština Stara Pazova Belegiš
19%
Grad Sremska Mitrovica Bešenovački Prnjavor
19%
Grad Sremska Mitrovica Bešenovo
19%
Opština Bač Bođani
19%
Opština Sečanj Boka
19%
Grad Zrenjanin Botoš
19%
Grad Sremska Mitrovica Čalma
19%
Opština Kovačica Crepaja
19%
Opština Bela Crkva Crvena Crkva
19%
Opština Pećinci Deč
19%
Opština Ruma Dobrinci
19%
Opština Kanjiža Doline
19%
Grad Pančevo Dolovo
19%
Grad Sombor Doroslovo
19%
Opština Stara Pazova Golubinci
19%
Opština Bačka Topola Gornja Rogatica
19%
Opština Beočin Grabovo
19%
Grad Subotica Hajdukovo
19%
Grad Pančevo Ivanovo
19%
Grad Vršac Izbište
19%
Opština Sečanj Jarkovac
19%
Opština Inđija Jarkovci
19%
Opština Pećinci Karlovčić
19%
Opština Ruma Klenak
19%
Grad Zrenjanin Knićanin
19%
Opština Stara Pazova Krnješevci
19%
Opština Bački Petrovac Kulpin
19%
Opština Plandište Kupinik
19%
Grad Sremska Mitrovica Ležimir
19%
Opština Šid Ljuba
19%
Grad Sremska Mitrovica Mađelos
19%
Opština Irig Mala Remeta
19%
Opština Ruma Mali Radinci
19%
Opština Bačka Topola Mićunovo
19%
Grad Zrenjanin Mihajlovo
19%
Opština Bečej Mileševo
19%
Opština Plandište Miletićevo
19%
Opština Bačka Palanka Mladenovo
19%
Opština Šid Molovin
19%
Opština Srbobran Nadalj
19%
Opština Sečanj Neuzina
19%
Opština Bačka Topola Njegoševo
19%
Opština Bačka Palanka Nova Gajdobra
19%
Opština Žitište Novi Itebej
19%
Opština Bačka Topola Novo Orahovo
19%
Opština Ada | Opština Bačka Topola Obornjača
19%
Opština Pećinci Ogar
19%
Grad Zrenjanin Orlovat
19%
Opština Kanjiža Orom
19%
Opština Ruma Platičevo
19%
Opština Bačka Topola Pobeda
19%
Opština Pećinci Popinci
19%
Grad Sremska Mitrovica Radenković
19%
Grad Sombor Rastina
19%
Opština Odžaci Ratkovo
19%
Grad Sremska Mitrovica Ravnje
19%
Opština Irig Rivica
19%
Opština Čoka Sanad
19%
Opština Vrbas Savino Selo
19%
Opština Opovo Sefkerin
19%
Opština Pećinci Sibač
19%
Opština Šid Sot
19%
Opština Pećinci Sremski Mihaljevci
19%
Grad Sombor Stanišić
19%
Grad Sombor Stapar
19%
Opština Ada Sterijino
19%
Opština Pećinci Subotište
19%
Grad Sremska Mitrovica Šuljam
19%
Opština Stara Pazova Surduk
19%
Opština Sečanj Sutjeska
19%
Opština Bačka Topola Svetićevo
19%
Grad Zrenjanin Taraš
19%
Grad Sombor Telečka
19%
Grad Zrenjanin Tomaševac
19%
Opština Bačka Topola Tomislavci
19%
Opština Žitište Torak
19%
Opština Kanjiža Totovo Selo
19%
Opština Bačka Palanka Tovariševo
19%
Opština Kovačica Uzdin
19%
Opština Titel Vilovo
19%
Opština Šid Višnjićevo
19%
Opština Ruma Žarkovac
19%
Opština Odžaci Bački Gračac
13%
Opština Bačka Topola Bagremovo
13%
Opština Žitište Banatsko Višnjićevo
13%
Opština Plandište Barice
13%
Opština Šid Bikić Do
13%
Opština Odžaci Bogojevo
13%
Opština Pećinci Brestač
13%
Opština Sečanj Busenje
13%
Opština Žitište Čestereg
13%
Opština Alibunar Dobrica
13%
Opština Irig Dobrodol
13%
Opština Ruma Donji Petrovci
13%
Opština Pećinci Donji Tovarnik
13%
Opština Kovin Dubovac
13%
Opština Bela Crkva Dupljaja
13%
Opština Žabalj Đurđevo
13%
Opština Plandište Dužine
13%
Opština Novi Kneževac Filić
13%
Grad Sombor Gakovo
13%
Opština Šid Gibarac
13%
Opština Ruma Grabovci
13%
Opština Bela Crkva Grebenac
13%
Grad Sremska Mitrovica Grgurevci
13%
Grad Vršac Gudurica
13%
Opština Žitište Hetin
13%
Opština Alibunar Ilandža
13%
Opština Šid Ilinci
13%
Grad Vršac Jablanka
13%
Opština Bela Crkva Jasenovo
13%
Opština Irig Jazak
13%
Opština Čoka Jazovo
13%
Opština Plandište Jermenovci
13%
Opština Bela Crkva Kajtasovo
13%
Opština Bela Crkva Kaluđerovo
13%
Opština Odžaci Karavukovo
13%
Opština Bačka Topola Kavilo
13%
Opština Sečanj Konak
13%
Opština Ruma Kraljevci
13%
Opština Bačka Topola Krivaja
13%
Opština Bela Crkva Kruščica
13%
Opština Apatin Kupusina
13%
Opština Bela Crkva Kusić
13%
Grad Vršac Kuštilj
13%
Grad Sremska Mitrovica Kuzmin
13%
Opština Plandište Laudonovac
13%
Opština Kula Lipar
13%
Opština Alibunar Lokve
13%
Opština Kanjiža Male Pijace
13%
Opština Kanjiža Mali Pesak
13%
Grad Vršac Mali Žam
13%
Opština Kovin Malo Bavanište
13%
Grad Vršac Malo Središte
13%
Opština Plandište Margita
13%
Grad Vršac Markovac
13%
Opština Plandište Markovićevo
13%
Opština Žitište Međa
13%
Grad Vršac Mesić
13%
Grad Subotica Mišićevo
13%
Opština Irig Neradin
13%
Opština Kula Nova Crvenka
13%
Opština Alibunar Novi Kozjak
13%
Opština Bačka Palanka Obrovac
13%
Grad Vršac Orešac
13%
Opština Bačka Topola Panonija
13%
Grad Vršac Parta
13%
Grad Vršac Pavliš
13%
Opština Ruma Pavlovci
13%
Opština Bačka Palanka Pivnice
13%
Opština Bač Plavna
13%
Opština Kovin Pločica
13%
Opština Novi Kneževac Podlokanj
13%
Grad Vršac Potporanj
13%
Opština Pećinci Prhovo
13%
Opština Apatin Prigrevica
13%
Opština Šid Privina Glava
13%
Opština Kovačica Putnikovo
13%
Opština Nova Crnja Radojevo
13%
Opština Žitište Ravni Topolovac
13%
Grad Sombor Riđica
13%
Grad Vršac Ritiševo
13%
Opština Opovo Sakule
13%
Opština Kovačica Samoš
13%
Opština Irig Šatrinci
13%
Opština Alibunar Seleuš
13%
Opština Novi Kneževac Siget
13%
Opština Bačka Palanka Silbaš
13%
Opština Kovin Skorenovac
13%
Grad Vršac Sočica
13%
Opština Bačka Topola Srednji Salaš
13%
Opština Bačka Topola Stara Moravica
13%
Opština Plandište Stari Lec
13%
Opština Ruma Stejanovci
13%
Grad Vršac Straža
13%
Opština Kovin Šumarak
13%
Grad Subotica Šupljak
13%
Opština Sečanj Šurjan
13%
Opština Apatin Svilojevo
13%
Opština Nova Crnja Toba
13%
Opština Žitište Torda
13%
Opština Šid Vašica
13%
Opština Kanjiža Velebit
13%
Opština Plandište Velika Greda
13%
Opština Plandište Veliki Gaj
13%
Grad Vršac Veliko Središte
13%
Opština Ruma Vitojevci
13%
Opština Bačka Palanka Vizić
13%
Opština Alibunar Vladimirovac
13%
Grad Vršac Vlajkovac
13%
Opština Ruma Voganj
13%
Opština Nova Crnja Vojvoda Stepa
13%
Grad Vršac Vojvodinci
13%
Opština Bela Crkva Vračev Gaj
13%
Opština Čoka Vrbica
13%
Grad Vršac Vršački Ritovi
13%
Grad Vršac Zagajica
13%
Opština Odžaci Deronje
6%
Opština Bela Crkva Dobričevo
6%
Opština Alibunar Janošik
6%
Opština Alibunar Nikolinci
6%
Opština Bačka Palanka Parage
6%
Grad Vršac Šušara
6%
No matching quizzes found
Score Distribution
Percent of People with Each Score
Percentile by Number Answered
Your Score History
You have not taken this quiz